Engineering Mathematics Vol. II (Record no. 1050)
[ view plain ]
| 000 -LEADER | |
|---|---|
| Fixed length control field | 00537nam a2200181 4500 |
| 003 - CONTROL NUMBER IDENTIFIER | |
| Control field | SEACOMMC |
| 005 - DATE AND TIME OF LATEST TRANSACTION | |
| Control field | 20250205114806.0 |
| 008 - FIXED-LENGTH DATA ELEMENTS--GENERAL INFORMATION | |
| Fixed length control field | 250205b |||||||| |||| 00| 0 eng d |
| 020 ## - INTERNATIONAL STANDARD BOOK NUMBER / ISBN | |
| International Standard Book Number | 978-81-259-4251-1 |
| Price | Rs.195.00 |
| 040 ## - CATALOGING SOURCE | |
| Original cataloging agency | SEACOMMC |
| 082 ## - DEWEY DECIMAL CLASSIFICATION NUMBER | |
| Classification number | 510.02462 |
| Book Number | B 575 |
| 100 ## - MAIN ENTRY--PERSONAL NAME | |
| Personal name | Bhui, Bikas Chandra |
| 245 1# - TITLE STATEMENT | |
| Title | Engineering Mathematics Vol. II |
| Statement of responsibility | Bikas Chandra Bhui & Dipak Chatterjee |
| 260 ## - IMPRINT | |
| Place of publication | Kolkata |
| Name of publisher | Vikas publishing house |
| Date of publication | 2008 |
| 440 ## - SERIES STATEMENT | |
| Series Title | Vikas-WBUT students series |
| 650 ## - SUBJECT ADDED ENTRY--TOPICAL TERM | |
| Topical term | Mathematics |
| 942 ## - ADDED ENTRY ELEMENTS (KOHA) | |
| Koha item type | Books |
| Withdrawn status | Lost status | Source of classification | Damaged status | Not for loan | Home library | Current library | Shelving location | Date acquired | Total Checkouts | Call number | Accession number | Date last seen | Price effective from | Koha item type | Copy number |
|---|---|---|---|---|---|---|---|---|---|---|---|---|---|---|---|
| Dewey Decimal Classification | SEACOM MANAGEMENT COLLEGE | SEACOM MANAGEMENT COLLEGE | Reference | 05/02/2008 | 510.02462 B 575 | M-1885 | 05/02/2025 | 05/02/2025 | Books | ||||||
| Dewey Decimal Classification | SEACOM MANAGEMENT COLLEGE | SEACOM MANAGEMENT COLLEGE | 05/02/2008 | 510.02462 B 575 | M-1886 | 05/02/2025 | 05/02/2025 | Books | 1 | ||||||
| Dewey Decimal Classification | SEACOM MANAGEMENT COLLEGE | SEACOM MANAGEMENT COLLEGE | 05/02/2008 | 510.02462 B 575 | M-1887 | 05/02/2025 | 05/02/2025 | Books | 2 | ||||||
| Dewey Decimal Classification | SEACOM MANAGEMENT COLLEGE | SEACOM MANAGEMENT COLLEGE | 05/02/2008 | 510.02462 B 575 | M-1888 | 05/02/2025 | 05/02/2025 | Books | 3 | ||||||
| Dewey Decimal Classification | SEACOM MANAGEMENT COLLEGE | SEACOM MANAGEMENT COLLEGE | 05/02/2008 | 510.02462 B 575 | M-1889 | 05/02/2025 | 05/02/2025 | Books | 4 | ||||||
| Dewey Decimal Classification | SEACOM MANAGEMENT COLLEGE | SEACOM MANAGEMENT COLLEGE | 05/02/2008 | 510.02462 B 575 | M-1890 | 05/02/2025 | 05/02/2025 | Books | 5 | ||||||
| Dewey Decimal Classification | SEACOM MANAGEMENT COLLEGE | SEACOM MANAGEMENT COLLEGE | 05/02/2008 | 510.02462 B 575 | M-1891 | 05/02/2025 | 05/02/2025 | Books | 6 | ||||||
| Dewey Decimal Classification | SEACOM MANAGEMENT COLLEGE | SEACOM MANAGEMENT COLLEGE | 05/02/2008 | 510.02462 B 575 | M-1892 | 05/02/2025 | 05/02/2025 | Books | 7 | ||||||
| Dewey Decimal Classification | SEACOM MANAGEMENT COLLEGE | SEACOM MANAGEMENT COLLEGE | 05/02/2008 | 510.02462 B 575 | M-1893 | 05/02/2025 | 05/02/2025 | Books | 8 | ||||||
| Dewey Decimal Classification | SEACOM MANAGEMENT COLLEGE | SEACOM MANAGEMENT COLLEGE | 05/02/2008 | 510.02462 B 575 | M-1894 | 05/02/2025 | 05/02/2025 | Books | 9 |
